000 00436nam a2200169Ia 4500
005 20240605004256.0
008 240331s9999 xx 000 0 und d
020 _a0415922496
082 _bMEE
_a370
245 0 _aMeeting the challenge :
_binnovative feminist pedagogies in action
260 _aNew York
_bRoutledge
_c1999
300 _axix,354 p.,
650 _aFeminism
700 _aMayberry, M.
700 _aRose,E.
942 _cL
999 _c2948
_d2948